Statistics for Official names of Countries (English)

Click here to take the quiz!

General Stats

  • This quiz has been taken 13 times
  • The average score is 5 of 7

Answer Stats

CountryAnswer% Correct
USAUnited States of America
100%
ChinaPeople's Republic of China
92%
RussiaRussian Federation
92%
AustraliaCommonwealth of Australia
58%
GermanyFederal Republic of Germany
50%
ThailandKingdom of Thailand
42%
EcuadorRepublic of Ecuador
42%

Score Distribution

Percentile by Number Answered

Percent of People with Each Score

Your Score History

You have not taken this quiz